000 00336 a2200157 4500
001 70422
020 _a8572082417
040 _cAnchieta - Itaigara
100 _aVieira, Bonifácio F
240 1 0 _aMaria Mania
_lpor
245 1 0 _aMaria Mania
300 _a21
362 0 _a1999
650 4 _aLiteratura infanto-juvenil
942 _cBK
999 _c70422
_d70422